| 000 | 00606nam a2200193Ia 4500 | ||
|---|---|---|---|
| 005 | 20260114185749.0 | ||
| 008 | 008 260114s9999 xx 000 0 eng d | ||
| 020 | _a9781350101319 | ||
| 037 | _aEBOOK | ||
| 040 |
_aCRL _beng _cCRL |
||
| 041 |
_aeng _2eng |
||
| 084 | _qCRL | ||
| 100 |
_aMaria Gerolemou and Lilia Diamantopoulou _9874114 |
||
| 245 | 0 | _aMirrors and Mirroring from Antiquity to the Early Modern Period | |
| 260 |
_bBloomsbury _c2020 |
||
| 856 | _uhttps://doi.org/10.5040/9781350101319?locatt=label:secondary_bloomsburyCollections | ||
| 942 | _cEBOOK | ||
| 999 |
_c1473050 _d1473050 |
||